Представление документа в формате RUSMARC

ПолеНазваниеЗначение
  Тип записи a
  Библиографический уровень m
001 Контрольный номер efff2733a5a14eefa7a6baf32dac3b74
005 Дата корректировки 20140605153122.6
010 Индекс ISBN __
a ISBN 978-5-370-01472-7
101 Язык документа 0_
a Язык текста rus
102 Страна публикации __
a Страна публикации RU
200 Заглавие и сведения об ответственности 1_
a Заглавие Современная библиотека учебного заведения
e Сведения, относящиеся к заглавию пер. с англ.
f Первые сведения об ответственности Питер Брофи
210 Выходные данные 1_
c Издательство Омега-Л
a Место издания М.
d Дата издания 2009
215 Физическое описание __
a Объем 306, [2] с.
225 Серия 2_
a Серия Электронные ресурсы в библиотеках и образовании
610 Ключевые слова 0_
a Ключевые слова библиотека учебного заведения
610 Ключевые слова 0_
a Ключевые слова учебные заведения
610 Ключевые слова 0_
a Ключевые слова вузы
686 Индексы других классификаций __
a Классификационный индекс 78.34
2 Код системы rubbk
700 Автор _1
a Фамилия Брофи
g Полное личное имя Питер
801 Источник записи _0
a Страна RU
b Организация РУК
c Дата составления 20091110
g Правила каталогизации PSBO
801 Источник записи _1
a Страна RU
b Организация РУК
c Дата составления 20091110
g Правила каталогизации PSBO
852 Данные о местонахождении __
i Авторский знак Б 88
j Шифр хранения ББК 78
901 Тип документа __
t Тип документа m
938 Служебная информация __
a Название организации Головной вуз
b Имя БД BOOK
c Название АИБС АИБС ИРБИС